000 00625nam a2200193 i 4500
001 170920
003 ES-MaACL
005 20230906214510.0
007 t|
008 090416s1966 fr ||||1| fre d
080 _a821.133.1-23"18"
100 1 _aDescaves, Lucien.
_943841
245 1 4 _aLes Chapons
_b: pièce en un acte /
_cLucien Descaves & Georges Darien ; postface d'Auriant.
260 _aParis :
_bJérôme Martineau,
_c1966.
300 _a92 p. ;
_c19 cm.
700 0 _aDarien, Georges.
_942713
700 0 _aAuriant.
_9139814
852 4 _aES-MaACL
_jE-12579
_9R.140202
_z. - Biblioteca Jacinto Martínez Lacalle
999 _c170920
_d170920